Oraciones escogidas de Demóstenes / (Record no. 48528)

MARC details
000 -LEADER
campo de control de longitud fija 00582nam a22001935i 4500
001 - NÚMERO DE CONTROL
campo de control 48528
003 - IDENTIFICADOR DE NÚMERO DE CONTROL
campo de control ES-MaACL
005 - FECHA Y HORA DE LA ÚLTIMA TRANSACCIÓN
campo de control 20240422211908.0
007 - CAMPO FIJO DE DESCRIPCIÓN FÍSICA--INFORMACIÓN GENERAL
campo de control de longitud fija t|
008 - DATOS DE LONGITUD FIJA--INFORMACIÓN GENERAL
campo de control de longitud fija 940202s1872 sp ||||1| spa d
040 ## - FUENTE DE CATALOGACIÓN
Centro catalogador/agencia de origen CAM
Lengua de catalogación spa
100 0# - ENTRADA PRINCIPAL--NOMBRE DE PERSONA
Nombre de persona Demóstenes.
9 (RLIN) 43670
245 10 - MENCIÓN DEL TÍTULO
Título Oraciones escogidas de Demóstenes /
Mención de responsabilidad, etc. traducidas al castellano por Arcadio Roda.
260 ## - PUBLICACIÓN, DISTRIBUCIÓN, ETC.
Lugar de publicación, distribución, etc. Madrid :
Nombre del editor, distribuidor, etc. Victoriano Suarez,
Fecha de publicación, distribución, etc. 1872 (
Fabricante Imp. de J.M. Pérez)
300 ## - DESCRIPCIÓN FÍSICA
Extensión XIV, 352 p. ;
Dimensiones 20 cm.
700 1# - ENTRADA AGREGADA--NOMBRE PERSONAL
Nombre de persona Roda, Arcadio,
Fechas asociadas al nombre 1844-1921
9 (RLIN) 143307
852 ## - LOCALIZACIÓN
Ubicación ES-MaACL
Número de control de estantería G-15796
Holdings
Estatus retirado Estado de pérdida Estado de daño No para préstamo Colección Biblioteca de origen Biblioteca actual Ubicación en estantería Fecha de adquisición Fuente de adquisición Total de préstamos Signatura topográfica completa Código de barras Visto por última vez Precio de reemplazo Tipo de ítem Koha
        Libros del s. XIX Biblioteca del Ateneo de Madrid Biblioteca del Ateneo de Madrid Sala Pecera Planta 3 17/01/2008     G-15796 1051071 23/02/2023 23/02/2023 Libro impreso antiguo